Pasión de servicio: Julio Philippi Izquierdo
Saved in:
| Main Author: | |
|---|---|
| Format: | Book |
| Language: | Spanish |
| Published: |
Santiago
Universidad Católica de Chile
2005
|
| Edition: | 1a. ed |
| Series: | Biografías
|
| Subjects: | |
| Tags: |
Add Tag
No Tags, Be the first to tag this record!
|
MARC
| LEADER | 00000cam a2200000 a 4500 | ||
|---|---|---|---|
| 001 | UCK8090 | ||
| 003 | CL-VaPUC | ||
| 005 | 20241122160649.0 | ||
| 008 | 060113e20050000CL |||||||||||||||||spa|d | ||
| 999 | |c 315913 |d 315911 | ||
| 020 | |a 9561408392 | ||
| 040 | |c Pontificia Universidad Católica de Valparaíso | ||
| 082 | 0 | 4 | |a 928.61 |b MIL |2 21 |
| 100 | |a Millar Carvacho, René Domingo |e autor |9 865746 | ||
| 245 | 1 | 0 | |a Pasión de servicio: Julio Philippi Izquierdo |
| 250 | |a 1a. ed | ||
| 260 | |a Santiago |b Universidad Católica de Chile |c 2005 | ||
| 300 | |a 461 p | ||
| 490 | 0 | |a Biografías | |
| 583 | |a last modification |c 20110902 11:07:32 |k Rodrigo Vera | ||
| 600 | |a Philippi Izquierdo, Julio |d 1912-1997 |9 894165 | ||
| 650 | 0 | |a Biografías |9 255210 | |
| 650 | 0 | |a Historiadores |9 314498 | |
| 942 | |c BK |2 ddc | ||
| 945 | |d 20060113 00:00:00 |a jtorresc | ||
| 952 | |0 0 |1 0 |4 0 |6 928_610000000000000_MIL_2005 |7 0 |8 A |9 389774 |a BIBDER |b BIBDER |d 2019-11-22 |i 420106K |l 2 |o 928.61 MIL 2005 |p 420106K |r 2024-06-05 |s 2024-05-29 |w 2019-11-22 |y BK |k DER | ||
| 952 | |0 0 |1 0 |4 0 |6 928_610000000000000_MIL_2005 |7 0 |8 A |9 389775 |a BIBHIS |b BIBHIS |d 2019-11-22 |i 4788788 |o 928.61 MIL 2005 |p 4788788 |r 2025-01-20 |w 2019-11-22 |y BK |k HIS | ||